LEGO Marvel Superheroes Bosses - Statistics

General Stats
  • This quiz has been taken 354 times
    130 since last reset
  • The average score is 21 of 35
Answer Stats
Hint Answer % Correct
Sand Central Station Sandman
97%
A Doom with a View Doctor Doom
90%
Bifrosty Reception Loki
89%
Magnetic Personality Magneto
88%
Sand Central Station Abomination
86%
Rock Up at the Lock Up Abomination
86%
Times Square Off Doctor Octopus
84%
Exploratory Laboratory Venom
83%
The Good, the Bad, and the Hungry Galactus
82%
Red Head Detention Red Skull
77%
Exploratory Laboratory Green Goblin
76%
Doctor in the House Green Goblin
76%
Juggernauts and Crosses Juggernaut
76%
Rapturous Rise Mystique
64%
Feeling Fisky Kingpin
61%
Rock Up at the Lock Up Sabretooth
61%
Rebooted, Resuited The Mandarin
61%
A Shock Withdrawal Electro
59%
A Shock Withdrawal Shocker
58%
Reptilian Ruckus The Lizard
57%
Rapturous Rise Rhino
56%
That Sinking Feeling M.O.D.O.K.
53%
Rock Up at the Lock Up The Leader
51%
Rebooted, Resuited Aldrich Killian
49%
Stranger Danger Dormammu
42%
Feeling Fisky Elektra
42%
Feeling Fisky Bullseye
41%
The Thrill of the Chess Mysterio
41%
Stunt Show Surprise Nightmare
40%
Taking Liberties Hulk
39%
Nuff Said Vulture
38%
Taking Liberties Wolverine
34%
Bro-Tunheim Malekith
30%
Taking Liberties Mister Fantastic
24%
A Doom with a View Doombot (V-Series)
14%
No matching quizzes found
Score Distribution
Percent of People with Each Score
Percentile by Number Answered
Your Score History
You have not taken this quiz since the last reset